Finally / (Record no. 3739)

MARC details
000 -LEADER
fixed length control field 00802nam a22002417a 4500
001 - CONTROL NUMBER
control field 3739
003 - CONTROL NUMBER IDENTIFIER
control field FISKH
005 - DATE AND TIME OF LATEST TRANSACTION
control field 20240426091045.0
008 - FIXED-LENGTH DATA ELEMENTS--GENERAL INFORMATION
fixed length control field 240426b cb ||||| |||| 00| 0 eng d
040 ## - CATALOGING SOURCE
Original cataloging agency FISK
Language of cataloging eng
Transcribing agency FISK
Modifying agency FISK
050 ## - LIBRARY OF CONGRESS CALL NUMBER
Classification number PZ7.M42355
082 ## - DEWEY DECIMAL CLASSIFICATION NUMBER
Classification number 813.6
100 ## - MAIN ENTRY--PERSONAL NAME
Personal name Mass Wendy
Dates associated with a name 1967-
245 ## - TITLE STATEMENT
Title Finally /
Statement of responsibility, etc. Wendy Mass
260 ## - PUBLICATION, DISTRIBUTION, ETC.
Place of publication, distribution, etc. New York :
Name of publisher, distributor, etc. Scholastic,
Date of publication, distribution, etc. 2010
300 ## - PHYSICAL DESCRIPTION
Extent 296 pages :
Dimensions 20 cm
505 ## - FORMATTED CONTENTS NOTE
Formatted contents note M
520 ## - SUMMARY, ETC.
Summary, etc. After her twelfth birthday, Rory checks off a list of things she is finally allowed to do, but unexpected consequences interfere with her involvement in the movie being shot at her school, while a weird prediction starts to make sense.
521 8# - TARGET AUDIENCE NOTE
Target audience note 750
Source Lexiles
700 ## - ADDED ENTRY--PERSONAL NAME
Personal name Wendy Mass
942 ## - ADDED ENTRY ELEMENTS (KOHA)
Source of classification or shelving scheme Library of Congress Classification
Koha item type Books
Suppress in OPAC No
Holdings
Withdrawn status Lost status Source of classification or shelving scheme Damaged status Not for loan Collection Home library Current library Shelving location Date acquired Total Checkouts Full call number Barcode Date last seen Copy number Price effective from Koha item type
    Library of Congress Classification     Fiction Footprints International School Library Network Toul Kork Campus Footprints International School Library Network Toul Kork Campus   04/26/2024   MAS PZ7.M42355 813.6 2024-0536 04/26/2024 1 04/26/2024 Books